Surfactant science and technology

Guardado en:
Detalles Bibliográficos
Autor principal:  Myers, Drew
Formato: Sách
Lenguaje:Undetermined
Publicado:  Jonh Wiley & Sons  2006
Materias:
Etiquetas: Agregar Etiqueta
Sin Etiquetas, Sea el primero en etiquetar este registro!
Thư viện lưu trữ: Trung tâm Thư viện - Trường Đại học Công nghiệp TP. Hồ Chí Minh
LEADER 00508nam a2200157Ia 4500
001 UIH_04561
008 231011s9999 xx 000 0 und d
082 |a  541.33 
100 |a  Myers, Drew 
245 0 |a  Surfactant science and technology 
245 0 |c  Myers, Drew 
260 |b  Jonh Wiley & Sons 
260 |c  2006 
650 |a  Hoạt động bề mặt; Surface active agents;  
927 |a Sách 
980 |a Trung tâm Thư viện - Trường Đại học Công nghiệp TP. Hồ Chí Minh